01232nam a2200301Ia 4500008004100000020001800041050001600059050001800075100002100093245001600114245006100130245002100191260001500212260002200227260000900249300001600258300005200274300001100326440000600337500026000343650004700603650002800650650004000678650003300718650004400751999001900795952011600814161112s9999 xx 000 0 und d a962-258-230-3 aREF DS 655  b.K37 1998 v.7 aJose, Ricardo T. 0aKasaysayan: 4bthe story of Filipino people : the Japanese occupation / 0cRicardo T. Jose. a[s. l. ] : bAsia Publishing,  c1998 a303 pages : billustrations (some color), maps (some color) ; c29 cm. v7 aIncludes bibliographical references and index. v. 1. The Philippine archipelago / Raymundo S. Punongbayan, Prescillano M. Zamora, Perry S. Ong -- v. 2. The Earliest Filipino / Fr. Gabriel S. Casal ... [et al.] -- v. 3. The Spanish conquest / Jose S. Arcil aPhilippines -- History -- Pictorial works. aPhilippines -- History. aPhilippines Description and Travel. xPhilippines -- Civilization. xPhilippines -- Politics and Government. c305258d305258 001040aSMCbSMCcREFd2016-10-27l0oREF DS 655 .K37 1998 v.7pSMC06073r2016-11-12 00:00:00w2016-11-12yBK